| 000 | 01962cam a22005534i 4500 | ||
|---|---|---|---|
| 003 | PE-LiUPU | ||
| 005 | 20250731180130.0 | ||
| 008 | 150625s2004 mx a rb 000 0 spa d | ||
| 020 | _a8477216304 | ||
| 035 | _a(Sirsi) i9788477216308 | ||
| 040 |
_aPE-LiUPU _bspa _cPE-LiUPU _erda |
||
| 049 | _aPRUA | ||
| 082 | 0 | 4 |
_a512.5 _bB85 _221 |
| 100 | 1 |
_aBru, Rafael, _eautor. |
|
| 245 | 1 | 0 |
_aÁlgebra lineal / _cRafael Bru. |
| 250 | _aSegunda edición. | ||
| 264 | 1 |
_aMéxico : _bAlfa Omega, _c2004. |
|
| 300 |
_a588 páginas : _bilustraciones, figuras ; _c23 centímetros |
||
| 300 | _aCD-Rom | ||
| 336 |
_atext _2rdacontent |
||
| 337 |
_aunmediated _2rdamedia |
||
| 338 |
_avolume _2rdacarrier |
||
| 504 | _aIncluye referencias bibliográficas. | ||
| 505 | 0 | _aSistemas de ecuaciones lineales. -Matrices. -Determinantes. -Espacios vectoriales. -Espacio euclídeo. -Diagonalización de matrices reales. -Matrices definidas positivas. -Espacios y matrices complejas. -Aplicaciones lineales. -Álgebra lineal numérica. -. | |
| 526 | _aSEG44 | ||
| 526 | _aSEG26 | ||
| 526 | _aP159 | ||
| 526 | _aP155 | ||
| 526 | _aP154 | ||
| 526 | _aP153 | ||
| 526 | _aP150 | ||
| 526 | _aP100 | ||
| 526 | _aP31 | ||
| 526 | _aP30 | ||
| 526 | _aP26 | ||
| 526 | _aP25 | ||
| 526 | _aP24 | ||
| 526 | _aP22 | ||
| 526 | _aP15 | ||
| 526 | _aP10 | ||
| 541 | _g0014-013176; | ||
| 650 | 1 | 4 | _aÁlgebra Lineal. |
| 700 | 1 | _aCliment, Joan-Josep. | |
| 942 |
_2ddc _cBOOK |
||
| 949 |
_a512.5 B85 _wDEWEY _c1 _i55437 _d2016-12-1 _e2016-11-22 _lCCODEBUL1 _mBUL _n3 _p24.00 _r0 _sY _tBOOK _u2015-6-25 _xINGENIERIA _PP27 _0COMPRA _o.STAFF. Colección General |
||
| 994 |
_aC0 _bPEPRU |
||
| 596 | _a1 | ||
| 999 |
_a512.5 B85 _wDEWEY _c44331 _i55437 _d44331 _e2018-6-11 _f2021-11-9 _g7 _lCCODEBUL1 _mBUL _n5 _p24.00 _q1 _r0 _sY _tBOOK _u2015-6-25 _xINGENIERIA _PP27 _0COMPRA _o.STAFF. Colección Ingeniería y Arquitectura |
||
| 980 |
_81 _gALBERTO SANCHEZ Responsable de Automatización |
||